000 00610nam a2200253Ia 4500
003 OSt
005 20220912152532.0
006 a|||||r|||| 00| 0
007 ta
008 220909b |||||||| |||| 00| 0 eng d
024 _a43056
037 _cTextual
040 _aCSL
_beng
_cCSL
041 _aeng
082 _aE, L21
100 _aChoppin Gregory R
245 0 _aIntroductory chemistry
260 _c1972
300 _ap.
_ccm.
650 _aChemistry
700 _a Johnsen Russell H
942 _hE, L21
_cTEXL
_2CC
999 _c88001
_d88001